• 首页
  • 本馆介绍
  • 公告通知
  • 最新文献
  • 馆藏检索
  • 电子资源
  • 读者导购
  • 参考咨询
  • 我的图书馆
  • 登录
  • 详细信息显示
  • 放入我的书架
  • 预约/预借图书
  • 作者相关作品
  • 分类相关作品
  • 丛书相关作品
  • 出版社相关作品

书目信息

  • 表格格式
  • 工作单格式
  • 卡片格式
题名:
面向21世纪的环境保护政策与重大环境管理问题研究
    
 
作者: ;国家环境保护总局 编
分册:  
出版信息: 北京   中国环境科学出版社  2000.09
页数: 253页
开本: 21cm
丛书名:
单 册:
中图分类: X-012
科图分类:
主题词: 环境管理--huan jing guan li--研究--中国 , 环境保护政策--huan jing bao hu zheng ce--研究--中国
电子资源:
ISBN: 7-80163-033-5
000 01144nam0 2200277 450
001 0104000024
005 20051124115123.1
010    @a7-80163-033-5@dCNY19.80
100    @a20081125d2000 ekmy0chiy0120 ea
101 0  @achi
102    @aCN@b110000
105    @aa z 000yy
106    @ar
200 1  @a面向21世纪的环境保护政策与重大环境管理问题研究@AMian Xiang 21 Shi Ji De Huan Jing Bao Hu Zheng Ce Yu Zhong Da Huan Jing Guan Li Wen Ti Yan Jiu@f国家环境保护总局编@FGuo Jia Huan Jing Bao Hu Zong Ju Bian
210    @a北京@c中国环境科学出版社@d2000.09
215    @a253页@d21cm
300    @a国家“九五”科技攻关环境保护项目成果汇编
306    @a2002年第2次印刷
330    @a本书全面介绍国家“九五”科技攻关环境保护政策研究方面的两个课题的科研成果。这两个课题为: 面向21世纪的环境保护政策研究、中国重大环境管理问题优先行动方案研究。
606 0  @a环境管理@Ahuan jing guan li@x研究@y中国
606 0  @a环境保护政策@Ahuan jing bao hu zheng ce@x研究@y中国
690    @aX-012@v4
711 02 @a国家环境保护总局@AGuo Jia Huan Jing Bao Hu Zong Ju@4编
801  0 @aCN@bHTDF@c20081125
905    @aBZT@dX-012@e3@f10
906    @dCNY19.80@n0@r1
    
    面向21世纪的环境保护政策与重大环境管理问题研究/国家环境保护总局编.-北京:中国环境科学出版社,2000.09
    253页;21cm
    国家“九五”科技攻关环境保护项目成果汇编
    
    ISBN 7-80163-033-5:CNY19.80
    本书全面介绍国家“九五”科技攻关环境保护政策研究方面的两个课题的科研成果。这两个课题为: 面向21世纪的环境保护政策研究、中国重大环境管理问题优先行动方案研究。
●
相关链接 在五车中查询图书 在当当中查询图书 在豆瓣中查询图书


正题名:面向21世纪的环境保护政策与重大环境管理问题研究     索取号:X-012/3         预约/预借

序号 登录号 条形码 馆藏地/架位号 状态 备注
1 709012   2000709012   中心书库北库/ 北库003架A面1列3层20/ [索取号:X-012/3] 在馆    
2 709013   2000709013   中心书库北库/ 北库003架A面1列3层19/ [索取号:X-012/3] 在馆    
3 709014   2000709014   中心书库北库/ 北库003架A面1列3层18/ [索取号:X-012/3] 在馆    
4 709015   2000709015   中心书库北库/ 北库003架A面1列3层17/ [索取号:X-012/3] 在馆    
5 709016   2000709016   中心书库北库/ 北库003架A面1列3层16/ [索取号:X-012/3] 在馆    
6 709017   2000709017   中心书库北库/ 北库003架A面1列3层15/ [索取号:X-012/3] 在馆    
7 709018   2000709018   中心书库北库/ 北库003架A面1列3层14/ [索取号:X-012/3] 在馆    
8 709019   2000709019   中心书库北库/ 北库003架A面1列3层13/ [索取号:X-012/3] 在馆    
9 709020   2000709020   中心书库北库/ 北库003架A面1列3层12/ [索取号:X-012/3] 在馆    
10 709021   2000709021   中心书库北库/ 北库003架A面1列3层11/ [索取号:X-012/3] 在馆    
欢迎您!
大连网信软件有限公司© 版权所有